[Event "Haltern- Werl"]
[Site "?"]
[Date "2023.11.19"]
[Round "4.6"]
[White "Eusgeld, Michael"]
[Black "Jenke, Johannes"]
[Result "1-0"]
[WhiteElo "1737"]
[BlackElo "1599"]
[PlyCount "97"]
[SourceDate "2023.11.29"]

1. d4 Nf6 2. Nf3 d5 3. Bf4 Bf5 4. e3 e6 5. Nbd2 Bd6 6. Ne5 O-O 7. Be2 Re8 8.
O-O Nbd7 9. Bb5 Re7 10. Ndf3 a6 11. Ba4 Nb6 12. Bb3 c6 13. h3 Qc7 14. Qd2 Rd8
15. Qa5 Nc8 16. Qxc7 Bxc7 17. Ng5 Nd6 18. g4 Bg6 19. Nxg6 hxg6 20. c3 Nc4 21.
Bxc7 Rxc7 22. Bxc4 dxc4 23. Nf3 c5 24. Rad1 cxd4 25. Rxd4 Rxd4 26. exd4 Nd5 27.
Ne5 Nf4 28. h4 f6 29. Nf3 Nd3 30. Rb1 b5 31. Ne1 e5 32. Nxd3 cxd3 33. Rd1 e4
34. f3 f5 35. Kf2 Re7 36. fxe4 fxe4 37. Ke3 Kf7 38. a4 Re6 39. axb5 axb5 40.
Ra1 Ke7 41. g5 Kd7 42. b3 Re8 43. Ra7+ Kd6 44. Rxg7 d2 45. Rxg6+ Kd5 46. Kxd2
e3+ 47. Ke2 Ke4 48. Rf6 b4 49. Rf3 1-0

[Event "Haltern- Werl"]
[Site "?"]
[Date "2023.11.19"]
[Round "4.7"]
[White "Stute, Benedikt"]
[Black "Truszkowski, Hans"]
[Result "0-1"]
[WhiteElo "1544"]
[BlackElo "1689"]
[PlyCount "82"]
[SourceDate "2023.11.29"]

1. e4 c5 2. Nf3 d6 3. d4 cxd4 4. Nxd4 Nf6 5. Nc3 a6 6. Be2 e6 7. O-O Be7 8. Be3
Nbd7 9. f4 O-O 10. Qd2 Nc5 11. Bf3 e5 12. Nb3 Be6 13. f5 Bd7 14. Qf2 Rc8 15.
Qg3 Kh8 16. Nxc5 dxc5 17. Qxe5 Re8 18. Qf4 Bc6 19. e5 Ng8 20. Qc4 Qc7 21. Bxc6
bxc6 22. Bf4 Qb6 23. b3 Rcd8 24. Rad1 Rd4 25. Rxd4 cxd4 26. Na4 Qa7 27. Kh1 c5
28. Qxf7 Rf8 29. Qe6 Bd8 30. Nb2 Qb7 31. Nc4 Be7 32. Nd6 Bxd6 33. exd6 Rf6 34.
Qe5 Qd7 35. g4 Qc6+ 36. Kg1 Rf8 37. Re1 Qf3 38. g5 Qg4+ 39. Kh1 Rxf5 40. Qe8
Qf3+ 41. Kg1 Rxf4 0-1

[Event "Haltern- Werl"]
[Site "?"]
[Date "2023.11.19"]
[Round "4.8"]
[White "Rath, Michael"]
[Black "Siebert, Michael"]
[Result "1-0"]
[WhiteElo "1673"]
[BlackElo "1430"]
[PlyCount "83"]
[SourceDate "2023.11.29"]

1. d4 d5 2. Nf3 Nf6 3. Bf4 e6 4. e3 Bd6 5. Bg3 O-O 6. c4 c5 7. Nc3 cxd4 8. Nxd4
Bb4 9. Qb3 Qa5 10. Bd3 Na6 11. O-O Nc5 12. Qc2 Nxd3 13. Qxd3 Bxc3 14. bxc3 Ne4
15. cxd5 Nxg3 16. hxg3 Qxd5 17. Rfd1 e5 18. Nb5 Qxd3 19. Rxd3 Bf5 20. Rd5 f6
21. Nd6 Rfd8 22. Nxf5 g6 23. Rad1 Rxd5 24. Ne7+ Kf7 25. Nxd5 Rd8 26. Kf1 e4 27.
Ke2 Rd7 28. Rd4 f5 29. c4 h5 30. f3 exf3+ 31. gxf3 g5 32. e4 f4 33. gxf4 gxf4
34. Rd1 Rd6 35. Nxf4 Ra6 36. Rd7+ Kf6 37. Nxh5+ Kg5 38. Rd5+ Kh4 39. Nf4 Rxa2+
40. Ke3 a5 41. Rh5+ Kg3 42. Rh3# 1-0

[Event "Bochumer SV 3 - Mülheim-Nord 4"]
[Site "?"]
[Date "2023.11.19"]
[Round "4.1"]
[White "Fleischer, Michael"]
[Black "von Bargen, Lukas"]
[Result "1/2-1/2"]
[WhiteElo "1878"]
[BlackElo "2083"]
[PlyCount "61"]
[SourceDate "2023.11.29"]

1. e4 c5 2. Nf3 d6 3. d4 cxd4 4. Nxd4 Nf6 5. Nc3 g6 6. Be2 Bg7 7. O-O O-O 8.
Be3 Nc6 9. h3 d5 10. exd5 Nxd5 11. Nxd5 Qxd5 12. Bf3 Qc4 13. Nxc6 bxc6 14. c3
Rb8 15. b3 Qa6 16. Qe2 Qa5 17. Bd2 Rd8 18. Rfd1 Bf5 19. Be1 Be6 20. c4 Qa3 21.
Rxd8+ Rxd8 22. Rd1 Rxd1 23. Qxd1 Qxa2 24. Bb4 Bf6 25. Bxc6 Kg7 26. Bc5 Qa5 27.
Be3 h5 28. Ba4 a6 29. Bd4 Qg5 30. Bxf6+ Qxf6 31. Qe1 1/2-1/2

[Event "Bochumer SV 3 - Mülheim-Nord 4"]
[Site "?"]
[Date "2023.11.19"]
[Round "4.2"]
[White "Tahashi-Knoche, Farzad"]
[Black "Schlenter, Ruediger"]
[Result "0-1"]
[WhiteElo "2069"]
[BlackElo "1792"]
[PlyCount "116"]
[SourceDate "2023.11.29"]

1. d4 c5 2. Nf3 Nf6 3. c3 b6 4. Bg5 Ne4 5. dxc5 Nxg5 6. Nxg5 e6 7. Ne4 bxc5 8.
Nd6+ Bxd6 9. Qxd6 Qb6 10. Qd2 d5 11. g3 Nd7 12. Bg2 Rb8 13. b3 O-O 14. O-O Nf6
15. Qc2 a5 16. Nd2 Ba6 17. c4 d4 18. Rac1 Bb7 19. Rfd1 Bxg2 20. Kxg2 Qc6+ 21.
Kg1 e5 22. f3 g6 23. Rf1 Rb7 24. Ne4 Nh5 25. Qd2 f5 26. Nf2 e4 27. fxe4 fxe4
28. Qg5 Rbf7 29. Ng4 Rxf1+ 30. Rxf1 Rxf1+ 31. Kxf1 Qd6 32. Nh6+ Kf8 33. Ng4 d3
34. exd3 Qxd3+ 35. Kg2 Qf3+ 36. Kh3 Qf5 37. Qxf5+ gxf5 38. Ne5 Nf6 39. Kg2 Ke7
40. Nc6+ Kd6 41. Nxa5 Ng4 42. h3 Ne5 43. Kf2 Kc7 44. a3 Kb6 45. b4 cxb4 46.
axb4 Nd3+ 47. Ke3 Nxb4 48. Nb3 Nd3 49. Kd4 Nf2 50. Kd5 e3 51. Nd4 Ne4 52. Ne2
Nd2 53. c5+ Kc7 54. h4 Ne4 55. c6 Nxg3 56. Nxg3 f4 57. Nf1 e2 58. Nd2 e1=Q 0-1

[Event "Bochumer SV 3 - Mülheim-Nord 4"]
[Site "?"]
[Date "2023.11.19"]
[Round "4.3"]
[White "Schlefers, Florian"]
[Black "Birkemeyer, Jan"]
[Result "1/2-1/2"]
[WhiteElo "1733"]
[BlackElo "1918"]
[PlyCount "118"]
[SourceDate "2023.11.29"]

1. e4 Nf6 2. Nc3 d5 3. exd5 Nxd5 4. Nxd5 Qxd5 5. Nf3 Bg4 6. Be2 Nc6 7. d3 e5 8.
h3 Be6 9. O-O f6 10. Re1 O-O-O 11. a3 g5 12. Nh2 Nd4 13. Bg4 f5 14. Bf3 e4 15.
dxe4 Nxf3+ 16. Qxf3 fxe4 17. Qxe4 Qxe4 18. Rxe4 Rd1+ 19. Nf1 Bd5 20. Re8+ Kd7
21. Rd8+ Kc6 22. c4 Bf3 23. Rxd1 Bxd1 24. Bxg5 Bh5 25. Bf6 Rg8 26. Bd4 a5 27.
Ne3 Bd6 28. Kf1 Re8 29. Re1 Bg6 30. Ke2 Bf4 31. g3 Re4 32. gxf4 Rxd4 33. Kf3
Bh5+ 34. Kg3 Rd2 35. b4 Ra2 36. bxa5 Rxa3 37. f5 Rxa5 38. Kf4 h6 39. Rg1 Kd6
40. Rg7 Ra2 41. Kg3 Ra8 42. Rh7 Ke5 43. Rxc7 Rg8+ 44. Kh4 Bf3 45. Ng4+ Kf4 46.
Kh5 Rg5+ 47. Kxh6 Rxf5 48. Ne3 Rh5+ 49. Kg7 Rxh3 50. Nd5+ Bxd5 51. cxd5 Ke5 52.
Rxb7 Rf3 53. Rb2 Kxd5 54. Re2 Kd4 55. Kg6 Kd3 56. Ra2 Ke4 57. Kg5 Rf8 58. Kg6
Rg8+ 59. Kf6 Kf3 1/2-1/2

[Event "Bochumer SV 3 - Mülheim-Nord 4"]
[Site "?"]
[Date "2023.11.19"]
[Round "4.4"]
[White "Ivanov, Alexander"]
[Black "Mateos Lopez, Javier"]
[Result "1-0"]
[WhiteElo "1900"]
[BlackElo "1733"]
[PlyCount "81"]
[SourceDate "2023.11.29"]

1. e4 d6 2. d4 Nf6 3. Nc3 g6 4. Be3 c6 5. f3 Be6 6. d5 cxd5 7. exd5 Bd7 8. Qd2
Na6 9. Bxa6 bxa6 10. Nge2 h5 11. O-O Bg7 12. Bd4 Bb5 13. Rfe1 O-O 14. a4 Bd7
15. Ng3 Re8 16. Nge4 Nxe4 17. Nxe4 Bxd4+ 18. Qxd4 Qb6 19. Qxb6 axb6 20. c4 Bf5
21. Kf2 f6 22. h4 Kf7 23. Ke3 Bxe4 24. Kxe4 e5 25. dxe6+ Rxe6+ 26. Kd5 Rae8 27.
Rxe6 Rxe6 28. Kc6 d5+ 29. Kxd5 Re5+ 30. Kc6 Rc5+ 31. Kxb6 Rxc4 32. Kxa6 Rb4 33.
Ra2 Rb3 34. a5 Ke6 35. Ka7 Kd5 36. a6 Ke5 37. Ra5+ Kd4 38. g4 hxg4 39. fxg4
Rxb2 40. h5 g5 41. Rf5 1-0

[Event "Bochumer SV 3 - Mülheim-Nord 4"]
[Site "?"]
[Date "2023.11.19"]
[Round "4.5"]
[White "Roth, Jan Paul"]
[Black "Peters, Olaf"]
[Result "1-0"]
[WhiteElo "1689"]
[BlackElo "1873"]
[PlyCount "57"]
[SourceDate "2023.11.29"]

1. e4 c5 2. b3 Nc6 3. Bb2 e5 4. Bc4 d6 5. f4 Nf6 6. d3 Bg4 7. Nf3 Be7 8. O-O
O-O 9. h3 Bxf3 10. Qxf3 Nd4 11. Bxd4 cxd4 12. f5 Rc8 13. c3 a6 14. a4 Qa5 15.
b4 Qb6 16. a5 Qa7 17. Qf2 Nxe4 18. Bxf7+ Rxf7 19. dxe4 Bg5 20. Kh1 Be3 21. Qa2
dxc3 22. Qe6 Qb8 23. f6 g6 24. Na3 c2 25. Nc4 c1=Q 26. Raxc1 Bxc1 27. Nxd6 Rcf8
28. Nxf7 Rxf7 29. Rxc1 1-0

[Event "Bochumer SV 3 - Mülheim-Nord 4"]
[Site "?"]
[Date "2023.11.19"]
[Round "4.6"]
[White "Vonderhecken, Florian"]
[Black "Roth, Christian"]
[Result "1-0"]
[WhiteElo "1785"]
[BlackElo "1659"]
[PlyCount "95"]
[SourceDate "2023.11.29"]

1. e4 e5 2. Nf3 Nc6 3. Bb5 Nf6 4. O-O Nxe4 5. Re1 Ng5 6. Bxc6 dxc6 7. Rxe5+ Ne6
8. d4 Bd6 9. Re1 O-O 10. c4 Bf4 11. Be3 Qf6 12. Nc3 Ng5 13. Nxg5 Qxg5 14. Ne4
Bxh2+ 15. Kxh2 Qh4+ 16. Kg1 Qxe4 17. d5 Qxc4 18. dxc6 Qxc6 19. Rc1 Qd7 20. Qc2
c6 21. Rcd1 Qc7 22. Rd4 Be6 23. Rh4 g6 24. Bh6 Rfe8 25. Qc3 f5 26. b3 Bd5 27.
Rd1 Qe5 28. Qb4 b5 29. Be3 a5 30. Qd2 a4 31. b4 Rad8 32. Rd4 Qe6 33. Qc3 Qf6
34. Qd2 Qf7 35. Qc3 Rc8 36. Bc1 Bxa2 37. Rd7 Re7 38. Bb2 Kf8 39. Qh8+ Qg8 40.
Qf6+ Qf7 41. Rxe7 Qxf6 42. Bxf6 Re8 43. Rxh7 Bd5 44. Ra7 Re6 45. Bd4 Re4 46.
Bc5+ Kg8 47. Rd3 Rg4 48. f3 1-0

[Event "Bochumer SV 3 - Mülheim-Nord 4"]
[Site "?"]
[Date "2023.11.19"]
[Round "4.7"]
[White "Alfrihan, Omar"]
[Black "Hofer, Stefan"]
[Result "0-1"]
[WhiteElo "1609"]
[BlackElo "1740"]
[PlyCount "58"]
[SourceDate "2023.11.29"]

1. e4 c5 2. Nf3 d6 3. d4 cxd4 4. Nxd4 Nf6 5. Nc3 a6 6. h3 e5 7. Nf3 Qc7 8. Bd3
Be7 9. O-O Be6 10. Ng5 Bc4 11. Qe2 Bxd3 12. cxd3 h6 13. Nf3 Nbd7 14. Be3 b5 15.
Rac1 Qb7 16. Rc2 Rc8 17. Rfc1 O-O 18. a3 Rfe8 19. b4 Bf8 20. Bd2 Kh8 21. g4 d5
22. g5 dxe4 23. dxe4 Nh5 24. gxh6 gxh6 25. Ng5 Ndf6 26. Nf3 Rc4 27. Re1 Nxe4
28. Nh4 Nxd2 29. Qxh5 Rxh4 0-1

[Event "Bochumer SV 3 - Mülheim-Nord 4"]
[Site "?"]
[Date "2023.11.19"]
[Round "4.8"]
[White "Fraenkel, Karlheinz"]
[Black "Dominik, Anton"]
[Result "0-1"]
[WhiteElo "1764"]
[BlackElo "1615"]
[PlyCount "56"]
[SourceDate "2023.11.29"]

1. e4 c5 2. Nf3 Nc6 3. c3 Nf6 4. e5 Nd5 5. Bc4 Nb6 6. Bb3 d6 7. exd6 Qxd6 8.
O-O c4 9. Bc2 Bg4 10. d4 cxd3 11. Ba4 Bxf3 12. Qxf3 Nxa4 13. Nd2 Qg6 14. Ne4
O-O-O 15. b3 Nb6 16. a4 e6 17. a5 Nd5 18. b4 Ne5 19. Qg3 Qxe4 20. f4 Nxc3 21.
Qf2 Nc4 22. Bd2 Ne2+ 23. Kh1 Nxd2 24. Qxa7 Nxf1 25. Rxf1 Nxf4 26. Rc1+ Kd7 27.
Qf2 Bxb4 28. Rb1 d2 0-1

[Event "Dortmunder SV 2-Horst-Emscher 2"]
[Site "?"]
[Date "2023.11.12"]
[Round "4.1"]
[White "Arndt, Olaf"]
[Black "Canzler, Harald"]
[Result "1/2-1/2"]
[WhiteElo "1953"]
[BlackElo "1851"]
[PlyCount "51"]
[SourceDate "2023.11.29"]
[WhiteTeam "Horst Emscher 31 II"]
[BlackTeam "DSV 1875 "]

1. e4 c5 2. Nf3 d6 3. Nc3 Nc6 4. Bb5 Bd7 5. O-O Nf6 6. Re1 e5 7. Nd5 Be7 8.
Nxe7 Nxe7 9. Bxd7+ Nxd7 10. c3 O-O 11. d4 Qc7 12. Be3 Rad8 13. d5 h6 14. Nh4
Nf6 15. Qf3 Nh7 16. Nf5 Nxf5 17. Qxf5 Qd7 18. Qxd7 Rxd7 19. g4 Ng5 20. Bxg5
hxg5 21. Kg2 g6 22. b3 Kg7 23. Re3 Rh8 24. a4 Rh4 25. h3 f5 26. f3 1/2-1/2

[Event "Rüttenscheid- Unna"]
[Site "?"]
[Date "2023.11.19"]
[Round "4.1"]
[White "Barskij, Alexandr"]
[Black "Michalek, Christoph"]
[Result "1/2-1/2"]
[WhiteElo "1844"]
[BlackElo "2144"]
[PlyCount "65"]
[SourceDate "2023.11.29"]
[WhiteTeam "II"]

1. e4 c5 2. Nf3 e6 3. d4 cxd4 4. Nxd4 Nc6 5. Nc3 Qc7 6. Be3 a6 7. Qf3 Nf6 8.
O-O-O Be7 9. g4 d6 10. g5 Nd7 11. Nxc6 bxc6 12. Be2 Rb8 13. Qg3 e5 14. Bc4 Nf8
15. f4 Be6 16. Bb3 Bxb3 17. axb3 exf4 18. Bxf4 Rd8 19. e5 dxe5 20. Bxe5 Qa5 21.
Rxd8+ Bxd8 22. Kb1 Ne6 23. h4 O-O 24. Bd6 Bc7 25. Bxc7 Qxc7 26. Qxc7 Nxc7 27.
Rd1 Ne6 28. Rd6 Rc8 29. Na4 Kf8 30. Nb6 Rc7 31. Na8 Ra7 32. Nb6 Rc7 33. Na8
1/2-1/2

[Event "Rüttenscheid- Unna"]
[Site "?"]
[Date "2023.11.19"]
[Round "4.2"]
[White "Dorgarten, Armin"]
[Black "Kraemer, Sascha"]
[Result "1/2-1/2"]
[WhiteElo "1912"]
[BlackElo "1858"]
[PlyCount "50"]
[SourceDate "2023.11.29"]
[WhiteTeam "II"]

1. Nf3 Nf6 2. d4 e6 3. Bf4 b6 4. e3 Be7 5. Nbd2 Nh5 6. Bg3 Bb7 7. Bd3 d6 8. c3
Nd7 9. Qe2 Nxg3 10. hxg3 h6 11. e4 c5 12. Rc1 Qc7 13. O-O O-O 14. Nh4 Rac8 15.
Rcd1 Bf6 16. Qe3 Qd8 17. Nhf3 cxd4 18. cxd4 Qc7 19. Rfe1 Rfd8 20. g4 g5 21. Nb3
a6 22. Rc1 Qb8 23. Qe2 Qa8 24. Nbd2 b5 25. b4 Bg7 1/2-1/2

[Event "Rüttenscheid- Unna"]
[Site "?"]
[Date "2023.11.19"]
[Round "4.3"]
[White "Bochynek, Josua"]
[Black "Kreitling, Oliver"]
[Result "0-1"]
[WhiteElo "1782"]
[BlackElo "1900"]
[PlyCount "71"]
[SourceDate "2023.11.29"]
[WhiteTeam "II"]

1. e4 c5 2. Nf3 Nc6 3. b4 cxb4 4. d4 d5 5. exd5 Qxd5 6. c4 Qe4+ 7. Be3 Bf5 8.
d5 Ne5 9. Nd4 Bd7 10. Nd2 Nd3+ 11. Bxd3 Qxd3 12. N4b3 b6 13. Qf3 Rc8 14. Rd1
Nf6 15. Nc1 Qg6 16. O-O Bg4 17. Qf4 Bxd1 18. Rxd1 Qg4 19. Re1 Qxf4 20. Bxf4 a5
21. Ncb3 g6 22. Nd4 Nh5 23. Bd6 Kd7 24. Be5 f6 25. Bg3 Nxg3 26. fxg3 Bh6 27.
N4f3 Rhe8 28. Re6 b5 29. cxb5 Rc5 30. Nb3 Rxd5 31. Nfd4 Rc8 32. Kf2 Rxb5 33.
Ra6 Rd5 34. Ra7+ Ke8 35. Ne6 Rf5+ 36. Nf4 0-1

[Event "Rüttenscheid- Unna"]
[Site "?"]
[Date "2023.11.19"]
[Round "4.5"]
[White "Eichhorn, Robin"]
[Black "Furchtbar, Uwe"]
[Result "1/2-1/2"]
[WhiteElo "1785"]
[BlackElo "1888"]
[PlyCount "94"]
[SourceDate "2023.11.29"]
[WhiteTeam "II"]

1. e4 c6 2. d4 d5 3. exd5 cxd5 4. Nf3 Bg4 5. Bf4 e6 6. Bb5+ Nc6 7. c3 Rc8 8.
Nbd2 Bd6 9. Bxd6 Qxd6 10. Qa4 Bxf3 11. Nxf3 a6 12. Bxc6+ Qxc6 13. Qb3 f6 14.
O-O Nh6 15. Rfe1 O-O 16. Re2 Nf7 17. Rae1 Rfe8 18. h4 Qd7 19. Re3 Nd6 20. Qc2
Nf5 21. R3e2 Kh8 22. Qd3 Qf7 23. b3 Nd6 24. Nd2 b5 25. a4 Rc7 26. axb5 axb5 27.
Qg3 Nf5 28. Qf4 Rce7 29. c4 bxc4 30. bxc4 dxc4 31. Nxc4 e5 32. Qxf5 Qxc4 33.
dxe5 Qc5 34. Qh5 Rf8 35. Qf3 Rxe5 36. Rxe5 fxe5 37. Qe3 Qxe3 38. Rxe3 Re8 39.
f4 e4 40. g4 Kg8 41. Kg2 Kf7 42. Kg3 Kf6 43. Kf2 h5 44. Rg3 e3+ 45. Ke2 hxg4
46. Rxg4 Kf5 47. Rxg7 Kxf4 1/2-1/2

[Event "Rüttenscheid- Unna"]
[Site "?"]
[Date "2023.11.19"]
[Round "4.6"]
[White "Koprek, Juergen"]
[Black "Franck, Axel"]
[Result "1-0"]
[WhiteElo "1874"]
[BlackElo "1714"]
[PlyCount "111"]
[SourceDate "2023.11.29"]
[WhiteTeam "II"]

1. d4 b5 2. e4 Bb7 3. f3 b4 4. c3 e6 5. Qb3 a5 6. cxb4 Bxb4+ 7. Bd2 Bxd2+ 8.
Nxd2 Ba6 9. Bxa6 Nxa6 10. Ne2 Ne7 11. Rc1 O-O 12. O-O c6 13. Qc3 d5 14. e5 Qb6
15. Nb3 Rfc8 16. Nc5 Nxc5 17. dxc5 Qc7 18. f4 Rcb8 19. Nd4 Nf5 20. Nc2 Rb7 21.
g4 Nh4 22. Nd4 Rab8 23. b3 Ng6 24. Rce1 Nf8 25. f5 exf5 26. gxf5 Re8 27. e6
fxe6 28. fxe6 Re7 29. Qf3 Rb8 30. Re2 h6 31. Rfe1 Rbe8 32. Qg3 Qxg3+ 33. hxg3
g6 34. Nxc6 Rc7 35. Nxa5 Rxc5 36. b4 Rb5 37. a3 Kg7 38. Nb3 g5 39. Nd4 Rb6 40.
b5 Kf6 41. Rf1+ Kg6 42. Rfe1 Kf6 43. a4 Ng6 44. a5 Rbb8 45. a6 Rb6 46. Rf1+ Ke7
47. Nf5+ Kd8 48. Nd4 Ne7 49. Rf7 Kc7 50. a7 Kd6 51. Ra2 Ra8 52. Kf2 Ke5 53. Ke3
Nc8 54. Rf8 Rxa7 55. Rxa7 Nxa7 56. e7 1-0

[Event "Rüttenscheid- Unna"]
[Site "?"]
[Date "2023.11.19"]
[Round "4.7"]
[White "Grube, Frank"]
[Black "Berger, Nils"]
[Result "1/2-1/2"]
[WhiteElo "1742"]
[BlackElo "1837"]
[PlyCount "82"]
[SourceDate "2023.11.29"]
[WhiteTeam "II"]

1. d4 Nf6 2. Nf3 g6 3. c4 Bg7 4. Bf4 d6 5. Nc3 O-O 6. e3 Na6 7. Be2 c5 8. h3
Bf5 9. O-O Ne4 10. Nxe4 Bxe4 11. Rc1 Qb6 12. Qb3 Qxb3 13. axb3 cxd4 14. exd4
Nb4 15. Rfd1 Nc6 16. Be3 h6 17. h4 Kh7 18. g4 f5 19. gxf5 Bxf5 20. d5 Na5 21.
Ra1 Nxb3 22. Ra3 Nc5 23. b4 Ne4 24. Nd4 a6 25. h5 Be5 26. hxg6+ Bxg6 27. Ne6
Rg8 28. Kf1 Bf5 29. Bd3 Bg6 30. Nf4 Bxf4 31. Bxf4 Raf8 32. Be3 Ng3+ 33. Ke1
Bxd3 34. Rdxd3 Ne4 35. Rd4 Ng5 36. Ke2 Nf3 37. Re4 Rf7 38. c5 dxc5 39. bxc5 Ng5
40. Rh4 Rf5 41. c6 bxc6 1/2-1/2

[Event "Rüttenscheid- Unna"]
[Site "?"]
[Date "2023.11.19"]
[Round "4.8"]
[White "Busacker, Holger"]
[Black "Seibert, Joachim"]
[Result "1/2-1/2"]
[WhiteElo "1791"]
[BlackElo "1618"]
[PlyCount "123"]
[SourceDate "2023.11.29"]
[WhiteTeam "II"]

1. e4 e5 2. Nc3 Bc5 3. Bc4 Ne7 4. d3 Ng6 5. Nf3 O-O 6. Bg5 Be7 7. h4 h6 8. Bxe7
Qxe7 9. Nd5 Qd8 10. h5 Nf4 11. Nxe5 Nxd5 12. Bxd5 c6 13. Bb3 Qa5+ 14. Qd2 Qxe5
15. O-O-O d6 16. f4 Qf6 17. f5 a5 18. a4 Nd7 19. c3 Nb6 20. Rh3 Bd7 21. Rg3 Kh7
22. Rh1 c5 23. Rg6 Qe5 24. Bc2 fxg6 25. hxg6+ Kg8 26. d4 Qf6 27. dxc5 dxc5 28.
Bb3+ c4 29. Bxc4+ Nxc4 30. Qxd7 Rfd8 31. Qb5 Ne5 32. Qb3+ Kh8 33. Kb1 Rd2 34.
Qb5 b6 35. g4 Qd6 36. g5 Qd3+ 37. Qxd3 Rxd3 38. gxh6 Re3 39. hxg7+ Kxg7 40.
Rh7+ Kf6 41. g7 Rg3 42. Rh8 Rg1+ 43. Ka2 Rxg7 44. Rxa8 Rb7 45. b4 axb4 46. cxb4
Nd7 47. Kb3 Ke5 48. Re8+ Kd4 49. Re6 Ne5 50. f6 Kxe4 51. Re7 Rb8 52. f7 Rf8 53.
a5 bxa5 54. bxa5 Kd5 55. a6 Nxf7 56. a7 Nd6 57. Ka4 Kc6 58. Ka5 Nb7+ 59. Ka6
Nc5+ 60. Ka5 Nd7 61. Ka6 Nc5+ 62. Ka5 1/2-1/2

[Event "Altenessen- Welper 2"]
[Site "?"]
[Date "2023.11.19"]
[Round "4.1"]
[White "Sharma, Danesh"]
[Black "Prass, Marian"]
[Result "1-0"]
[WhiteElo "1956"]
[BlackElo "2000"]
[PlyCount "65"]
[SourceDate "2023.11.29"]
[WhiteTeam "II"]

1. e4 c5 2. c3 Nf6 3. e5 Nd5 4. Nf3 Nc6 5. Na3 e6 6. Bb5 Qc7 7. Nc4 h6 8. O-O
a6 9. Bxc6 Qxc6 10. a4 b6 11. d3 Bb7 12. Bd2 Be7 13. Ne1 Qc7 14. f4 g6 15. Nf3
Kf8 16. Qe1 b5 17. axb5 axb5 18. Rxa8+ Bxa8 19. Na3 b4 20. Nb5 Qb6 21. c4 Nc7
22. Nxc7 Qxc7 23. b3 Kg7 24. g4 Qb7 25. Qg3 Rg8 26. Qh3 Rh8 27. f5 gxf5 28.
gxf5 Bg5 29. f6+ Kg8 30. Qg3 Kf8 31. h4 Rg8 32. hxg5 hxg5 33. Nxg5 1-0

[Event "Altenessen- Welper 2"]
[Site "?"]
[Date "2023.11.19"]
[Round "4.2"]
[White "Rohloff, Markus"]
[Black "Marx, Patrick"]
[Result "0-1"]
[WhiteElo "1896"]
[BlackElo "1964"]
[PlyCount "70"]
[SourceDate "2023.11.29"]
[WhiteTeam "II"]

1. e4 c6 2. d4 d5 3. Nc3 b5 4. e5 b4 5. Nce2 e6 6. f4 c5 7. c3 a5 8. Be3 Qb6 9.
dxc5 Bxc5 10. Bxc5 Qxc5 11. Qd4 Nd7 12. Nf3 Ba6 13. Rc1 Ne7 14. Qxc5 Nxc5 15.
Ng3 Bxf1 16. Kxf1 Nd3 17. Rc2 Nxf4 18. Ne2 Nxe2 19. Kxe2 O-O 20. Rhc1 Ng6 21.
g3 h6 22. c4 dxc4 23. Rxc4 Rfd8 24. Rc7 Rd5 25. R1c5 Rad8 26. Ke3 Rd3+ 27. Ke4
f5+ 28. exf6 gxf6 29. g4 Nh4 30. Rc8 f5+ 31. gxf5 exf5+ 32. Rxf5 Nxf5 33. Rxd8+
Rxd8 34. Kxf5 Kg7 35. Ne5 Rd2 0-1

[Event "Altenessen- Welper 2"]
[Site "?"]
[Date "2023.11.19"]
[Round "4.3"]
[White "Nuernberger, David"]
[Black "Kordonowski, Frank"]
[Result "1-0"]
[WhiteElo "1776"]
[BlackElo "1911"]
[PlyCount "119"]
[SourceDate "2023.11.29"]
[WhiteTeam "II"]

1. e4 d6 2. d4 Nf6 3. Bd3 e5 4. d5 Nbd7 5. c4 Nc5 6. Nc3 a5 7. Nge2 Be7 8. O-O
O-O 9. Ng3 Bd7 10. f3 c6 11. Be3 Nxd3 12. Qxd3 c5 13. Rab1 Qb6 14. Bg5 Qd8 15.
Nf5 Bxf5 16. exf5 Nh5 17. Bxe7 Qxe7 18. g3 g6 19. Qe3 Kg7 20. fxg6 f5 21. f4
hxg6 22. fxe5 dxe5 23. Rbe1 Rae8 24. g4 fxg4 25. Ne4 Rf4 26. Nxc5 Rxf1+ 27.
Kxf1 Qh4 28. Ne6+ Kh7 29. Qxe5 Kg8 30. Qg5 Qxg5 31. Nxg5 Rc8 32. d6 Ng7 33. Ne6
Nxe6 34. Rxe6 Kf7 35. d7 Rd8 36. Rd6 Ke7 37. Rd2 Rxd7 38. Rxd7+ Kxd7 39. Ke2
Kd6 40. Kd3 Ke5 41. Ke3 a4 42. b3 a3 43. b4 b6 44. b5 g5 45. Kd3 Kd6 46. Kd4
Kc7 47. Ke5 Kd7 48. Kd5 g3 49. hxg3 g4 50. Ke5 Ke7 51. Ke4 Ke6 52. Kf4 Kd6 53.
Kxg4 Kc5 54. Kf5 Kxc4 55. g4 Kc3 56. g5 Kb2 57. g6 Kxa2 58. g7 Kb2 59. g8=Q a2
60. Ke6 1-0

[Event "Altenessen- Welper 2"]
[Site "?"]
[Date "2023.11.19"]
[Round "4.4"]
[White "Cavasin, Joerg"]
[Black "Teich, Udo"]
[Result "1/2-1/2"]
[WhiteElo "1870"]
[BlackElo "1857"]
[PlyCount "78"]
[SourceDate "2023.11.29"]
[WhiteTeam "II"]

1. Nf3 Nf6 2. c4 e6 3. e3 b6 4. b3 Bb7 5. Bb2 c5 6. Qc2 Be7 7. Bd3 Nc6 8. a3 h6
9. Nc3 O-O 10. h4 d5 11. Ne2 Qc7 12. Nf4 Rad8 13. Be2 d4 14. Ng5 Ne5 15. f3 Qd6
16. Ngh3 Nc6 17. O-O-O e5 18. Nd3 e4 19. fxe4 Nxe4 20. Bf3 Ng3 21. Rhe1 Bxh4
22. Nhf4 Nf5 23. Re2 Rd7 24. Nd5 Nce7 25. g4 Nxd5 26. cxd5 Ne7 27. e4 Qg3 28.
Rf1 Ng6 29. Rg2 Qd6 30. Be2 Bf6 31. Kb1 Re8 32. Bf3 Nh4 33. Rgf2 Nxf3 34. Rxf3
Rxe4 35. Nxc5 bxc5 36. Qxe4 Bxd5 37. Qe8+ Kh7 38. R3f2 Bxb3 39. Qe4+ Kg8
1/2-1/2

[Event "Altenessen- Welper 2"]
[Site "?"]
[Date "2023.11.19"]
[Round "4.5"]
[White "Leimkuehler, Dirk"]
[Black "Avgustin, Thomas"]
[Result "1-0"]
[WhiteElo "1804"]
[BlackElo "1718"]
[PlyCount "71"]
[SourceDate "2023.11.29"]
[WhiteTeam "II"]

1. f4 g6 2. Nf3 Bg7 3. g3 c5 4. Bg2 Nf6 5. d3 d5 6. O-O Qb6 7. c3 O-O 8. h3 Nc6
9. Nbd2 e5 10. Nxe5 Nxe5 11. fxe5 Nh5 12. Rf3 Bxe5 13. Nf1 Be6 14. Qc2 Qc7 15.
g4 Nf4 16. Bh1 f5 17. g5 Rae8 18. Be3 d4 19. cxd4 Bxd4 20. Bxd4 Nxe2+ 21. Qxe2
cxd4 22. Qf2 Qd7 23. Rf4 Rd8 24. b3 h6 25. h4 hxg5 26. hxg5 Qe7 27. Qh4 Rf7 28.
Qg3 Rh7 29. Rh4 Rxh4 30. Qxh4 Qc7 31. Re1 Bf7 32. Re2 Qc3 33. Rh2 Kf8 34. Qh8+
Bg8 35. Qf6+ Ke8 36. Re2+ 1-0

[Event "Altenessen- Welper 2"]
[Site "?"]
[Date "2023.11.19"]
[Round "4.6"]
[White "Drawe, Thomas"]
[Black "Heidt, Volker"]
[Result "0-1"]
[WhiteElo "1793"]
[BlackElo "1826"]
[PlyCount "58"]
[SourceDate "2023.11.29"]
[WhiteTeam "II"]

1. c4 Nf6 2. g3 e6 3. Bg2 d5 4. cxd5 exd5 5. Nf3 Bd6 6. O-O O-O 7. Nc3 c6 8. d4
Bf5 9. Bg5 Nbd7 10. Nh4 Be6 11. e4 dxe4 12. Nxe4 Be7 13. Nxf6+ Nxf6 14. Nf3 h6
15. Bd2 Nd5 16. a3 Re8 17. Re1 Bf6 18. Rc1 Qb6 19. Bc3 Rad8 20. Qd2 Nxc3 21.
bxc3 c5 22. Rb1 Qa5 23. Qb2 cxd4 24. cxd4 b6 25. Ne5 Bd5 26. f4 Bxg2 27. Kxg2
Bxe5 28. Rxe5 Rxe5 29. fxe5 Qd5+ 0-1

[Event "Altenessen- Welper 2"]
[Site "?"]
[Date "2023.11.19"]
[Round "4.7"]
[White "Sharma, Rakesh"]
[Black "Praßer, Peter"]
[Result "1-0"]
[WhiteElo "1795"]
[BlackElo "1693"]
[PlyCount "49"]
[SourceDate "2023.11.29"]
[WhiteTeam "II"]

1. d4 g6 2. Nf3 Nf6 3. c4 Bg7 4. Nc3 O-O 5. e3 d6 6. Be2 Nc6 7. O-O a6 8. a3
Re8 9. Qc2 e5 10. d5 Ne7 11. e4 Nd7 12. Be3 f5 13. Ng5 Nf8 14. f4 h6 15. Nf3
fxe4 16. Nxe4 Nf5 17. Bd2 Nd4 18. Nxd4 exd4 19. Bd3 Bf5 20. Rae1 Qd7 21. h3 Qf7
22. g4 Bxe4 23. Bxe4 Qe7 24. Bxg6 Qh4 25. Kg2 1-0

[Event "Altenessen- Welper 2"]
[Site "?"]
[Date "2023.11.19"]
[Round "4.8"]
[White "Guth, Gerd- Volker"]
[Black "Berke, Martin"]
[Result "1/2-1/2"]
[WhiteElo "1764"]
[BlackElo "1689"]
[PlyCount "26"]
[SourceDate "2023.11.29"]
[WhiteTeam "II"]

1. d4 Nf6 2. e3 e6 3. Nf3 b6 4. Nbd2 Bb7 5. Be2 Be7 6. O-O O-O 7. a3 c5 8. c4
cxd4 9. Nxd4 d5 10. b4 Nc6 11. Bb2 Nxd4 12. Bxd4 dxc4 13. Bxc4 Bd5 1/2-1/2